Make You Mine (Lyrics)- Madison Beer - Statistics

General Stats
  • This quiz has been taken 108 times
  • The average score is 263 of 312
Answer Stats
Answer % Correct
I
100%
I-I-I
100%
I-I-I-I-I-I
100%
Wanna
100%
wanna
100%
you
100%
You
100%
feel
98%
make
98%
Make
98%
mine
98%
taste
98%
get
97%
goin'
94%
the
86%
rush
81%
a
78%
crush
78%
it
78%
lay
76%
can
75%
Can
75%
be
71%
Closer
71%
my
68%
resist?
68%
It's
67%
down
65%
in
65%
see
65%
See
65%
string
62%
mind
60%
on
60%
why
60%
don't
59%
up
59%
relentless
57%
scared
56%
Are
54%
Want
54%
Baby
52%
Believe
52%
And
51%
if
51%
lie
51%
Now
51%
walls
51%
Catch
49%
dreamin'?
49%
eyes
49%
Got
49%
got
49%
everywhere
48%
I'm
48%
fall
46%
inside
46%
mean
44%
to
43%
Just
40%
out
40%
screamin'
40%
little
37%
look
37%
never
37%
shrine
37%
bite
33%
they
33%
at
32%
How
32%
Step
30%
life
27%
Would
27%
Fantasy
25%
us?
25%
No matching quizzes found
Score Distribution
Percent of People with Each Score
Percentile by Number Answered
Your Score History
You have not taken this quiz